LEADER 01500nam a2200277 i 4500 001 000000361254 003 CaOOAMICUS 005 20241219142428.0 008 241219s2001 it u100 u ita u 020 $a88-343-0665-1 040 $aSeMil$bita 111 2 $aConvegno internazionale 'Seneca e i cristiani' <1999 ; Milano>.$0(OLS)http://semarc/name/121260 245 10$aSeneca e i cristiani :$b[atti del Convegno internazionale : Università Cattolica del S. Cuore, Biblioteca Ambrosiana : Milano, 12-13-14 ottobre 1999] /$ca cura di Antonio P. Martina. 264 1$aMilano :$bVita e Pensiero,$c2001. 300 $aXVIII, 451 p. ;$c24 cm. 490 1 $aBiblioteca di Aevum antiquum ;$v14 650 4$aSeneca, Lucio Anneo <4 a.C.-65 d.C.> - Rapporti [con il] Cristianesimo.$0(OLS)http://semarc/subject/56893 700 1 $aMartina, Antonio,$d<1934- >.$0(OLS)http://semarc/name/121261 830 0$aBiblioteca di Aevum antiquum ;$v14.$0(OLS)http://semarc/title/17186 850 $aSeMil 852 $aSeMil$W1$xVenegono$y1$m2S VI 60$j253617$B252229$CSeMilBibl$Z2$F252229 $81 961 $aBuzzi mons. Franco - Omaggio 996 $6020$a88-343-0665-1$9(OLS)http://semarc/number/302165 996 $6245$aSeneca e i cristiani :$b[atti del Convegno internazionale : Università Cattolica del S. Cuore, Biblioteca Ambrosiana : Milano, 12-13-14 ottobre 1999]$9(OLS)http://semarc/title/451936 996 $6264$aMilano :$bVita e Pensiero$9(OLS)http://semarc/publisher/29642 LEADER 01071nam a2200265 i 4500 001 000000162192 003 CaOOAMICUS 005 20090309000000.0 008 090309s1982 it u000 u ita u 013 $a139556 020 $a88-209-1389-5 040 $aSeMil$bita 100 1 $aCutolo, Eugenio.$0(OLS)http://semarc/name/15644 245 10$aMessaggero di pace /$cEugenio Cutolo. 260 $aCittà del Vaticano :$bLibreria Editrice Vaticana,$c1982. 300 $a340 p., [22] c. di tav. ;$c24 cm. 500 $aFondo Card. Giovanni Colombo. 650 4$aGiovanni Paolo II - Viaggi apostolici.$0(OLS)http://semarc/subject/1463 850 $aSeMil 852 $aSeMil$W1$xVenegono$y1$m3A V 43$j113567$B113567$CSeMilBibl$Z2$F140561 $81 941 1 $a3 961 $aLascito: Colombo Card. Giovanni 996 $6020$a88-209-1389-5$9(OLS)http://semarc/number/78321 996 $6245$aMessaggero di pace$9(OLS)http://semarc/title/145766 996 $6260$aCittà del Vaticano :$bLibreria Editrice Vaticana$9(OLS)http://semarc/publisher/29734 LEADER 00617nam a2200169 i 4500 001 000000240313 003 CaOOAMICUS 005 20150326000000.0 008 150326s1886 it u000 u fre u 013 $a219218 040 $aSeMil$bita 245 10$aTome 9. 300 $a744 p. 773 0 $aRicard, Antoine $tOrateurs sacrés contemporains.$dMarseille : Imprimerie et librairie Saint-Thomas d'Aquin Mingardon & Cie, 1884-1887.$g9$w()31649 850 $aSeMil 852 $aSeMil$W1$xVenegono$y1$m3D V 125 FA$j190659$B190659$CSeMilBibl$Z2$F201505 $8I 996 $6245$aTome 9$9(OLS)http://semarc/title/108281 LEADER 00615nas a2200157 i 4500 001 000000028949 003 CaOOAMICUS 005 20180830125448.0 008 180830n it u0 ita u 040 $aSeMil$bita 245 10$aBiblioteca mista-economica. 260 $aTorino :$bFontana,$c[18-?] 300 $av. ;$c14 cm. 774 0 $aGalluppi, Pasquale <1770-1847>$tElementi di filosofia.$bEd. eseguita sull'ultima dell'A., con note.$dTorino : Stab. tip. Fontana, 1845.$w()28948 996 $6245$aBiblioteca mista-economica$9(OLS)http://semarc/title/39292 996 $6260$aTorino :$bFontana$9(OLS)http://semarc/publisher/30764 LEADER 01279nam a2200217 i 4500 001 000000032068 003 CaOOAMICUS 005 20180830125449.0 008 180830s2012 it u000 u ita u 040 $aSeMil$bita 245 10$aBeatificationis et Canonizationis Servi Dei Pauli 6. :$bIoannis Baptistae Montini, Summi Pontificis (1897-1978). Positio super vita, virtutibus et fama sanctitatis /$cCongregatio de Causis Sanctorum ; [apparato iconografico a cura di P. Antonio Marrazzo]. 260 $aRoma :$bTipografia NOVA RES,$c2012. 300 $a2 v. (XV, 1707 p., [XLV] p. di tav.) ;$c30 cm. 500 $aIn testa al front : Prot. n. 1834 ; Romana. 650 4$aPaolo VI - Beatificazione e Canonizzazione.$0(OLS)http://semarc/subject/5153 700 1 $aMarrazzo, Antonio.$0(OLS)http://semarc/name/14801 710 2 $aSanta Sede : Congregazione delle Cause dei Santi.$0(OLS)http://semarc/name/399 774 0 $tVol. 1.$g1$w()242925 774 0 $tVol. 2.$g2$w()242926 996 $6245$aBeatificationis et Canonizationis Servi Dei Pauli 6. :$bIoannis Baptistae Montini, Summi Pontificis (1897-1978). Positio super vita, virtutibus et fama sanctitatis$9(OLS)http://semarc/title/43512 996 $6260$aRoma :$bTipografia NOVA RES$9(OLS)http://semarc/publisher/36710 LEADER 01104nam a2200265 i 4500 001 000000201953 003 CaOOAMICUS 005 20110512000000.0 008 110512s1971 it u000 u ita u 013 $a180659 040 $aSeMil$bita 100 1 $aNicholson, Max.$0(OLS)http://semarc/name/72993 240 14$aThe Environmental Revolution.$0(OLS)http://semarc/title/292335 245 13$aLa rivoluzione ambientale /$cMax Nicholson. 250 $a2. ed. 260 $aMilano :$bGarzanti,$c1971. 300 $a319 p., [78] c. di tav. :$bill. ;$c23 cm. 490 0 $aScienza e ricerca 500 $aContiene : Appendici ; Fonti bibliografiche. - In mezzo al front : 78 illustrazioni fuori testo. 650 4$aAmbiente naturale - Protezione.$0(OLS)http://semarc/subject/16008 830 0$aScienza e ricerca.$0(OLS)http://semarc/title/31621 850 $aSeMil 852 $aSeMil$W1$xVenegono$y1$m3W IV 129$j152479$B152479$CSeMilBibl$Z2$F163567 $81 996 $6245$aLa rivoluzione ambientale$9(OLS)http://semarc/title/292334 996 $6260$aMilano :$bGarzanti$9(OLS)http://semarc/publisher/29852 LEADER 01247nam a2200253 i 4500 001 000000185652 003 CaOOAMICUS 005 20260306143225.0 008 100210s2009 it u000 u ita u 040 $aSeMil$bita 245 10$aMiniature :$bars illuminandi : l'illustrazione libraria in Occidente dal 5. al 15. secolo. 264 1$aRoma :$bIstituto della Enciclopedia Italiana,$c2009. 300 $a913 p., [8] p. di tav. :$bill. ;$c34 cm. 490 1 $aMedioevo 500 $aEd. di 1499 esempl. num. su carta speciale Scheufelen; esempl. n. 411. - In custodia. 650 4$aMiniature - Medioevo - Sec. 5.-15.$0(OLS)http://semarc/subject/59727 650 4$aLibro antico - Cataloghi.$0(OLS)http://semarc/subject/57093 830 0$aMedioevo.$0(OLS)http://semarc/title/15732 850 $aSeMil 852 $aSeMil$W1$xVenegono$y1$mSL1.K VII 27$j268057$B136343$CSeMilBibl$Z2$F148455 $8I 961 $aAcquisto: Treccani, Istituto della Enciclopedia Italiana 996 $6245$aMiniature :$bars illuminandi : l'illustrazione libraria in Occidente dal 5. al 15. secolo$9(OLS)http://semarc/title/266844 996 $6264$aRoma :$bIstituto della Enciclopedia Italiana$9(OLS)http://semarc/publisher/30014 LEADER 00640nam a2200169 i 4500 001 000000228901 003 CaOOAMICUS 005 20140416000000.0 008 140416s1849 it u000 u fre u 013 $a207803 040 $aSeMil$bita 245 10$aTome 3. 300 $a417 p., [2] c. di tav. ripieg. 773 0 $aGaussen, Samuel Robert Louis$tDaniel le prophète, exposé dans une suite de leçons pour une école du dimanche.$dGenève : Beroud et S. Guers, 1848-1850.$g3$w()29749 850 $aSeMil 852 $aSeMil$W1$xVenegono$y1$m2Z V 6 FA$j179247$B179247$CSeMilBibl$Z2$F190357 $8I 996 $6245$aTome 3$9(OLS)http://semarc/title/1575